| 000 | 00692nam a22001937a 4500 | ||
|---|---|---|---|
| 999 |
_c15276 _d15276 |
||
| 003 | OSt | ||
| 082 | _2631.3 SAK/DE | ||
| 088 | _aP 26 | ||
| 100 |
_aN. A. SAKKEENA DEEVI _93946 |
||
| 245 | _aDesign, fabrication and testing of a urea super granule applicator | ||
| 260 |
_aTavanur 1993 _bDepartment of Farm Power Mach!nery and Energy |
||
| 300 | _a81 | ||
| 500 | _aDesign, fabrication and testing of a urea super granule applicator | ||
| 520 | _aDesign, fabrication and testing of a urea super granule applicator | ||
| 700 |
_aK. P. Sudheer _93947 |
||
| 700 |
_aEr. Jippu Jacob (Guide) _93623 |
||
| 856 | _uhttps://drive.google.com/open?id=1LOHQ6oHJY3ka-lCiIpgPVSJI7qj9XlbC | ||
| 942 | _cPR | ||